| 000 | 01089nam a2200301 a 4500 | ||
|---|---|---|---|
| 001 | 28579 | ||
| 003 | BD-RjUL | ||
| 005 | 20211209051313.0 | ||
| 008 | 140331s1926 enkab 001 0 eng d | ||
| 035 | _a(BD-RjUL)28660 | ||
| 040 |
_aBD-RjUL _beng _cBD-RjUL _dBD-RjUL |
||
| 041 | _aeng | ||
| 082 | 0 | 0 |
_a301.2 _bRIP 1926 |
| 100 | 1 |
_aRivers, W. H. R. _q(William Halse Rivers), _d1864-1922 _987531 |
|
| 245 | 1 | 0 |
_aPsychology and ethnology / _cby W.H.R. Rivers ; edited with preface and introduction by G. Elliott Smith. |
| 260 |
_aLondon : _bKegan Paul, Trench, Trübner, _c1926. |
||
| 300 |
_axxviii, 324 p. ; _c23 cm. |
||
| 490 | 1 | _aInternational library of psychology, philosophy, and scientific method | |
| 500 | _aIncludes bibliographical references and index. | ||
| 650 | 0 |
_aEthnology _987532 |
|
| 650 | 0 |
_aEthnopsychology _95430 |
|
| 650 | 0 |
_aPsychology _987533 |
|
| 700 | 1 |
_aSmith, Grafton Elliot, _d1871-1937. _987534 |
|
| 830 | 0 |
_aInternational library of psychology, philosophy, and scientific method _93593 |
|
| 942 |
_2ddc _cBK |
||
| 999 |
_c28579 _d28579 |
||